000 00401nam a2200157 i 4500
001 bg
100 1 _aVOJNOVA, N. A.
245 0 _aIzobarnyje jadra s massowym čislom A=182 /
_cN.A. Vojnova, B.S. Dżelepov.
260 _aLeningrad,
_c1968.
700 1 _aDŻELEPOV, B. S.
040 _cBPK
041 _apol
080 _a539.14+539.16
942 _cKS
008 s pl f |000 0 pol
999 _c12669
_d12669
856 _uhttp://koha.tu.koszalin.pl/cgi-bin/koha/opac-detail.pl?biblionumber=12669
_yKatalog online BPK